Ngôn ngữ lập trình C++ và cấu trúc dữ liệu

Nội dung giới thiệu sự hình thành và phát triển của ngôn ngữ lập trình C++ từ thập 80 đến nay. Hướng dẫn cách cài đặt một số cấu trúc cơ bản của ngôn ngữ lập trình C++

Uloženo v:
Podrobná bibliografie
Hlavní autor: Nguyễn, Việt Hương
Médium: Kniha
Jazyk:Undetermined
Vydáno: Hà Nội Giáo Dục 2008
Témata:
Tagy: Přidat tag
Žádné tagy, Buďte první, kdo otaguje tento záznam!
Thư viện lưu trữ: Trung tâm Học liệu Trường Đại học Cần Thơ
LEADER 00963nam a2200205Ia 4500
001 CTU_110737
008 210402s9999 xx 000 0 und d
020 |c 39000 
082 |a 005.133 
082 |b H561 
100 |a Nguyễn, Việt Hương 
245 0 |a Ngôn ngữ lập trình C++ và cấu trúc dữ liệu 
245 0 |c Nguyễn Việt Hương 
260 |a Hà Nội 
260 |b Giáo Dục 
260 |c 2008 
520 |a Nội dung giới thiệu sự hình thành và phát triển của ngôn ngữ lập trình C++ từ thập 80 đến nay. Hướng dẫn cách cài đặt một số cấu trúc cơ bản của ngôn ngữ lập trình C++ 
650 |a C++ (computer program language),Data structure,C++ (ngôn ngữ lập trình),Cấu trúc dữ liệu 
904 |i M.Loan, QHieu 
980 |a Trung tâm Học liệu Trường Đại học Cần Thơ